Statistics for Top 100 Countries With The Biggest Population

Click here to take the quiz!

General Stats

  • This quiz has been taken 1,384 times
  • The average score is 80 of 100

Answer Stats

HintHintAnswer% Correct
11,381,190,000AsiaChina
97%
21,311,120,000AsiaIndia
97%
5323,539,816AsiaTaiwan
97%
3324,433,000North AmericaUnited States of America
97%
9146,727,405Asia/EuropeRussia
95%
2265,110,000EuropeUnited Kingdom
95%
5124,341,700Australia/OceaniaAustralia
94%
5207,011,000South AmericaBrazil
94%
2166,991,000EuropeFrance
94%
1782,175,700EuropeGermany
93%
3836,432,800North AmericaCanada
92%
2360,589,766EuropeItaly
92%
10126,860,000AsiaJapan
92%
11122,273,000North AmericaMexico
92%
3046,812,000EuropeSpain
92%
3143,850,000South AmericaArgentina
91%
4260,581,000AsiaIndonesia
91%
5820,715,000AfricaNiger
91%
1592,366,000AfricaEgypt
90%
7186,053,000AfricaNigeria
90%
6196,177,000AsiaPakistan
90%
2455,908,000AfricaSouth Africa
90%
1978,741,053Asia/EuropeTurkey
90%
1879,863,100AsiaIran
89%
3538,426,809EuropePoland
89%
6318,191,900South AmericaChile
87%
3736,787,000AsiaIraq
87%
4331,488,700South AmericaPeru
87%
2750,801,405AsiaSouth Korea
87%
8910,003,700EuropeSweden
87%
2068,145,000AsiaThailand
87%
1492,700,000AsiaVietnam
87%
8161,835,000AsiaBangladesh
86%
3242,620,007EuropeUkraine
86%
3440,400,000AfricaAlgeria
85%
8610,341,330EuropePortugal
85%
4032,775,000AsiaSaudi Arabia
85%
4431,028,700South AmericaVenezuela
85%
2849,059,700South AmericaColombia
84%
13101,853,000AfricaEthiopia
84%
8310,858,018EuropeGreece
83%
3341,176,000AfricaSudan
83%
1682,243,000AfricaDemocratic Republic of the Congo
82%
4231,924,500AsiaMalaysia
82%
8510,572,427EuropeCzech Republic
81%
2947,251,000AfricaKenya
81%
5224,213,510AsiaNorth Korea
81%
5919,760,000EuropeRomania
81%
8210,985,059South AmericaBolivia
80%
958,767,919EuropeAustria
79%
7911,239,004North AmericaCuba
79%
3934,210,400AfricaMorocco
79%
4727,657,145AsiaAfghanistan
78%
7214,497,000AfricaChad
78%
7711,353,461EuropeBelgium
77%
8810,075,045North AmericaDominican Republic
77%
4528,431,494AsiaNepal
77%
6517,102,000EuropeNetherlands
77%
8011,079,000AfricaSomalia
77%
2555,155,000AfricaTanzania
77%
4827,478,000AsiaYemen
77%
7015,626,444AsiaCambodia
76%
929,830,485EuropeHungary
76%
6218,341,000AfricaMali
76%
6118,564,000AsiaSyria
76%
6716,668,500South AmericaEcuador
75%
998,391,973EurpoeSwitzerland
75%
12103,674,000AsiaThe Philippines
75%
5025,789,024AfricaAngola
74%
949,505,200EuropeBelarus
74%
4628,308,301AfricaGhana
74%
4132,121,000AsiaUzbekistan
74%
978,638,340AsiaIsrael
73%
4926,423,700AfricaMozambique
73%
919,856,000AsiaUnited Arab Emirates
73%
7314,240,168AfricaZimbabwe
73%
2654,363,000AsiaMyanmar
72%
7512,131,000AfricaSouth Sudan
72%
3636,860,700AfricaUganda
72%
6915,933,883AfricaZambia
72%
968,721,014North AmericaHonduras
71%
6417,753,200AsiaKazakhstan
71%
6816,176,133North AmericaGuatemala
70%
5622,434,363AfricaMadagascar
70%
5422,709,892AfricaCameroon
69%
7114,799,859AfricaSenegal
69%
7811,299,400AfricaTunisia
69%
8111,078,033North AmericaHaiti
68%
1008,151,300Australia/OceaniaPapua New Guinea
68%
5721,203,000AsiaSri Lanka
67%
909,865,460AsiaJordan
66%
5522,671,331AfricaCote D'ivoire
65%
7412,947,000AfricaGuinea
65%
7611,553,188AfricaRwanda
60%
988,551,000AsiaTajikistan
60%
6019,034,397AfricaBurkina Faso
57%
6616,832,910AfricaMalawi
57%
8410,653,654AfricaBenin
56%
8710,114,505AfricaBurundi
55%
939,802,000AsiaAzerbaijan
54%

Score Distribution

Percentile by Number Answered

Percent of People with Each Score

Your Score History

You have not taken this quiz